Central Library OPAC University of Rajshahi

Exploring the cosmos / (Record no. 52550)

MARC details
000 -LEADER
fixed length control field 00748nam a2200265 a 4500
001 - CONTROL NUMBER
control field 52550
003 - CONTROL NUMBER IDENTIFIER
rucl marc code BD-RjUL
005 - DATE AND TIME OF LATEST TRANSACTION
control field 20211209075827.0
008 - FIXED-LENGTH DATA ELEMENTS--GENERAL INFORMATION
fixed length control field 160921s1983 mauaf 001 0 eng
020 ## - INTERNATIONAL STANDARD BOOK NUMBER
International Standard Book Number 0316091847 (pbk.)
035 ## - SYSTEM CONTROL NUMBER
System control number (BD-RjUL)52670
040 ## - CATALOGING SOURCE
Original cataloging agency DLC
Transcribing agency DLC
Modifying agency BD-RjUL
Language of cataloging eng
041 ## - LANGUAGE CODE
Language code of text/sound track or separate title eng
082 00 - DEWEY DECIMAL CLASSIFICATION NUMBER
Classification number 523.1
Edition number 23
Author mark and year BEE 1983
100 1# - MAIN ENTRY--PERSONAL NAME
Personal name Berman, Louis
9 (RLIN) 157130
245 10 - TITLE STATEMENT
Title Exploring the cosmos /
Statement of responsibility, etc. Louis Berman, J.C. Evans
250 ## - EDITION STATEMENT
Edition statement 4th ed.
260 ## - PUBLICATION, DISTRIBUTION, ETC. (IMPRINT)
Place of publication, distribution, etc. Boston :
Name of publisher, distributor, etc. Little, Brown,
Date of publication, distribution, etc. c1983
300 ## - PHYSICAL DESCRIPTION
Pagination xi, 543 p. :
Illustrations ill. ;
Size 26 cm.
500 ## - GENERAL NOTE
General note Includes index.
650 #0 - SUBJECT ADDED ENTRY--TOPICAL TERM
Topical term or geographic name as entry element Astronomy.
9 (RLIN) 157131
Topical term or geographic name as entry element Cosmology
9 (RLIN) 161770
700 1# - ADDED ENTRY--PERSONAL NAME
Personal name Evans, J. C. , jt. auth.
Fuller form of name (John C.),
Dates associated with a name 1938-
942 ## - ADDED ENTRY ELEMENTS (KOHA)
Source of classification or shelving scheme Dewey Decimal Classification
Koha item type Books
Holdings
Lost status Source of classification or shelving scheme Damaged status Not for loan Collection code Permanent Location Current Location Shelving location Date acquired Source of acquisition Total Checkouts Full call number Date last seen Copy number Koha item type
  Dewey Decimal Classification     Non-fiction Central Library, University of Rajshahi Central Library, University of Rajshahi   28/08/1988 asia foundation u.s.a   523.1 BEE 1983 21/09/2016 C-2 Books
  Dewey Decimal Classification   Not For Loan Non-fiction Central Library, University of Rajshahi Central Library, University of Rajshahi Reading Room 28/08/1988 asia foundation u.s.a   523.1 BEE 1983 21/09/2016 C-1 Books
  Dewey Decimal Classification     Non-fiction Central Library, University of Rajshahi Central Library, University of Rajshahi   23/06/1987 Asia Foundation   523.1 BEE 1983 20/04/2017 C-3 Books